Datum a čas kvízu
28.5
Celkem bodů
Celkový počet nahraných bodů na tomto kvízu bez doplňovacích otázek.
7.
Pořadí na kvízu
Konečné umístění týmu na tomto kvízu.
Zaznamenané odpovědi
| # | Otázka | Odpověď | Body | Výsledky |
|---|---|---|---|---|
| 1. | Český prezident Miloš Zeman se... | Vídeň, šilink (Schilling) | 1 | |
| 2. | Ve výčtu nejlepších aprílových... | z (nakládaných) okurek | 1 | |
| 3. | Jak se jmenuje naše významná k... | Milan Kundera | 0 | |
| 4. | Švédský nábytkářský řetězec IK... | začne nabízet pronájem nábytku | 0 | |
| 5. | Fotbalisté anglického klubu, h... | Tottenham Hotspur FC | 1 | |
| 6. | V tomto tématu ověříme vaše zn... | pouze jelení zvěř | 1 | |
| 7. | Vyberte jedno psí plemeno, kte... | A | 0 | |
| 8. | Jelen bílý je zvláštní barevno... | Žleby, Žehušice, Kopidlno a Janovice | 0 | |
| 9. | Kolikaterák je tento jelen? | desaterák (nerovný) | 0 | |
| 10. | Co v myslivecké mluvě znamená... | kančí kly | 1 |